Exaktní metody ekonomického rozhodování

Saved in:
Bibliographic Details
Main Author: Fotr, Jiří
Other Authors: Píšek, Milan
Format: Book
Language:Czech
Published: Praha Academia 1986
Series:Studie ČSAV č. 6
Tags: Add Tag
No Tags, Be the first to tag this record!

MARC

LEADER 00000nam a2200000 4500
001 c106111
005 20041019155136.2
041 0 |a cze 
044 |a CZ 
245 1 0 |a Exaktní metody ekonomického rozhodování  |c Jiří Fotr, Milan Píšek 
264 1 |a Praha  |b Academia  |c 1986 
300 |a 165 s. 
490 1 |a Studie ČSAV  |v č. 6 
830 0 |a Studie ČSAV  |v č. 6 
100 1 |a Fotr, Jiří 
700 1 |a Píšek, Milan